000 00523nam a22001697a 4500
005 20240925085347.0
008 240925b |||||||| |||| 00| 0 eng d
020 _a0409006106
041 _aEnglish
082 _a348 SOU
100 _lEnglish
245 _aThe South African Encyclopaedia of Forms and Precedents /
_cedited by C Weinberg
260 _aDurban:
_bButterworth Publishers,
_c1992
300 _bviii, 517 pages;
_c26 cm.
650 _aLegal practice
_bLaw
942 _cBK
_6ALISON_BN_VRIES
999 _c3128
_d3128